Nuevo diccionario de la lengua castellana (Registro nro. 85435)
[ vista simple ]
| 000 -ENCABEZADO | |
|---|---|
| Número de control [NR] | 01165nam a22002297a 4500 |
| 005 - FECHA Y HORA DE LA ÚLTIMA TRANSACCIÓN | |
| control field | 20231018153748.0 |
| 008 - DE LONGITUD FIJA DE DATOS DE ELEMENTOS - INFORMACIÓN GENERAL | |
| Elementos de longitud fija [NR] | 130821s1890 fr grdd spa |
| 040 ## - FUENTE DE CATALOGACION [NR] | |
| Agencia de catalogación original [NR] | Co-BoUCM |
| Idioma de catalogación [NR] | spa |
| Quien Cataloga | Sandra Yazo (modificó) |
| Quien Clasifica | Sandra Yazo (modificó) |
| 041 00 - CODIGO DE IDIOMA [R] | |
| Código de idioma para texto/pista de sonido o título separado [R] | Español |
| 092 ## - SIGNATURA TOPOGRAFICA LOCAL | |
| Número de clasificación local | FN 000056 10a. ed |
| 100 ## - ASIENTO PRINCIPAL--NOMBRE PERSONAL [NR] | |
| Nombre personal [NR] | Real Academia Española de La Lengua |
| ID Autoridad | 149261 |
| 245 00 - MENCION DE TITULO [NR] | |
| Título [NR] | Nuevo diccionario de la lengua castellana |
| Parte restante del título [NR] | añadido con una veinte y seis mil voces, acepciones, frases, y locuciones, entre ellas muchas Americanas |
| Mención de responsabilidad, etc. [NR] | Editado por don Vicente Salv y Pérez |
| 250 ## - MENCION DE EDICION [NR] | |
| Mención de edición [NR] | 10a. ed |
| 260 ## - PUBLICACION, DISTRIBUCION, ETC. (PIE DE IMPRENTA) [R] | |
| Lugar de publicación, distribución, etc. [R] | París (Francia) |
| Nombre del editor, distribuidor, etc. [R] | Librería de Garnier Hermanos |
| Fecha de publicación, distribución, etc. [R] | 1890 |
| 300 ## - DESCRIPCION FISICA [R] | |
| Extensión [R] | xlii, 1467 páginas |
| 500 ## - NOTA GENERAL [R] | |
| Nota general [NR] | Contiene suplemento de m s de 300 páginas, que contiene las voces de ciencias y artes, etc., que no se hallan en el cuerpo de la obre. -- Incluye índice. -- Este libro se eencuentra en el depósito de la biblioteca |
| 650 04 - ASIENTO SECUNDARIO DE MATERIA - TERMINO TEMATICO [R] | |
| Término temático o nombre geográfico como elemento de entrada [NR] | Diccionarios |
| 9 (RLIN) | 13223 |
| 650 04 - ASIENTO SECUNDARIO DE MATERIA - TERMINO TEMATICO [R] | |
| Término temático o nombre geográfico como elemento de entrada [NR] | Español |
| 9 (RLIN) | 14900 |
| 650 04 - ASIENTO SECUNDARIO DE MATERIA - TERMINO TEMATICO [R] | |
| Término temático o nombre geográfico como elemento de entrada [NR] | Español |
| Subdivisión de forma [R] | Diccionarios y enciclopedias |
| 9 (RLIN) | 7588 |
| 700 ## - ASIENTO SECUNDARIO - NOMBRE PERSONAL [R] | |
| Nombre personal [NR] | Salv y Pérez, Vicente., Editor |
| 9 (RLIN) | 149262 |
| 942 ## - ELEMENTOS DE ENTRADA AGREGADOS (KOHA) | |
| Tipo de ítem principal el descrito en 300a | Libro |
| Tema principal | 27 |
| Edición | 1 |
| Título oculto en OPAC | No |
| Sistema de clasificación | LOCAL |
| Clasificación | FN 000056 10a. ed |
| Suprimido | Perdido | Sistema de clasificación | Dañado | No prestable | Tipo de ítem específico | Ubicación habitual | Ubicación actual | Localización | Fecha de creación | Forma de adquisición | Costo | Volúmen / Fascículo | Signatura topográfica | Código de barras | Última vez visto | Fecha de último préstamo | Ejemplar | Price effective from | Tipo de ítem | Nota pública (OPAC) |
|---|---|---|---|---|---|---|---|---|---|---|---|---|---|---|---|---|---|---|---|---|
| LOCAL | Fondos especiales | Archivo Histórico | Archivo Histórico | Archivo histórico | 28/02/2003 | Donación | 10000.00 | FN 000056 10a. Ed. | ~ | 120055365 | 13/07/2012 | 25/02/2011 | Ej.1 | 03/02/2013 | Libro | TRANSFERENCIA CRAI C9 |